00476nam a2200145Ia 4500020001800000082001800018100002100036245008100057260004500138300001300183504003600196650003500232650002500267650003800292 a81-7936-002-4 a320.954 MAI-P aMaiti, Prasenjit 0aProblems of Governance in India since Independence: the Bengal success story aNew DelhibVedams ebooks Pvt. Ltd.c2002 axii, 123 aIncludes bibliography and Index aIndiavPolitics and government aWest BengalvHistory aWest BengalvPolitics and history